[Event "81st ch-ESP Rapid 2016"]
[Site "Linares ESP"]
[Date "2016.08.14"]
[Round "3.28"]
[White "Diaz Rodriguez, Jose Antonio"]
[Black "Lopez Gonzalez, Daniel"]
[Result "0-1"]
[WhiteElo "1951"]
[BlackElo "2279"]
[WhiteFideId "2222442"]
[BlackFideId "2231948"]
[EventDate "2016.08.14"]

1. e4 e5 2. Nf3 Nc6 3. Bb5 Nf6 4. d3 d6 5. h3 g6 6. O-O Bg7 7. Bg5 h6 8. Be3 O-O
9. c4 a6 10. Ba4 Nd7 11. Qd2 Kh7 12. Bxc6 bxc6 13. Nh2 Rb8 14. Nc3 c5 15. f4
exf4 16. Bxf4 Ne5 17. Rab1 Be6 18. Kh1 Qd7 19. Nd5 f5 20. Bxe5 Bxe5 21. Nf3 Bg7
22. Kh2 Rbe8 23. Rf2 fxe4 24. dxe4 Bf7 25. Re2 g5 26. e5 Kh8 27. Rbe1 dxe5 28.
Nxe5 Qd6 29. Kh1 0-1

[Event "81st ch-ESP Rapid 2016"]
[Site "Linares ESP"]
[Date "2016.08.14"]
[Round "3.29"]
[White "Domingo Nunez, Ruben"]
[Black "Vega Gomez, Francisco B."]
[Result "0-1"]
[WhiteTitle "FM"]
[WhiteElo "2321"]
[BlackElo "2257"]
[WhiteFideId "22245570"]
[BlackFideId "2268086"]
[EventDate "2016.08.14"]

1. e4 d6 2. g3 Nf6 3. Bg2 e5 4. Nc3 Be7 5. d3 c6 6. h3 d5 7. exd5 cxd5 8. Nf3
Nc6 9. O-O O-O 10. Re1 Bd6 11. Bg5 Be6 12. Nh2 Be7 13. Nf3 h6 14. Bd2 Bd6 15.
Nb5 Bb8 16. Bc3 d4 17. Bd2 Qd7 18. Kh2 a6 19. Na3 Bc7 20. c4 Rfe8 21. Nc2 Bf5
22. Nb4 Nxb4 23. Bxb4 Rad8 24. Qb3 e4 25. dxe4 Nxe4 26. Rf1 a5 27. Be1 Nc5 28.
Qa3 b6 29. Rd1 d3 30. b4 axb4 31. Bxb4 Re2 32. Nh4 Bh7 33. Bxc5 bxc5 34. Qxc5
Rxa2 35. Bd5 Qd6 36. Qe3 Bb6 37. Qf3 Qf6 38. Qg2 Rxf2 39. Rxf2 Qxf2 40. Nf3
Qxg2+ 41. Kxg2 Re8 42. Rb1 Bc5 43. Rb7 Bg6 44. Kf1 Re2 45. Rb8+ Kh7 46. Rd8 Rf2+
47. Ke1 Ra2 48. Bc6 Be3 49. Ra8 Re2+ 50. Kf1 Rf2+ 51. Ke1 Rc2 52. Ra1 Rxc4 53.
Ne5 d2+ 54. Ke2 Rc1 0-1

[Event "81st ch-ESP Rapid 2016"]
[Site "Linares ESP"]
[Date "2016.08.14"]
[Round "3.30"]
[White "Aranaz Murillo, Amalia"]
[Black "Bernabeu Lopez, Carlos Javier"]
[Result "1/2-1/2"]
[WhiteTitle "WIM"]
[WhiteElo "2269"]
[BlackElo "2267"]
[WhiteFideId "22200371"]
[BlackFideId "2235366"]
[EventDate "2016.08.14"]

1. Nf3 g6 2. c4 Bg7 3. d4 d6 4. Nc3 Nf6 5. g3 O-O 6. Bg2 c6 7. O-O Qb6 8. b3 Bg4
9. Bb2 Bxf3 10. Bxf3 Nfd7 11. Ne4 Na6 12. Bg2 Rac8 13. Qd2 Rfd8 14. Rfd1 Nf6 15.
Nc3 e5 16. e3 exd4 17. Qxd4 Qxd4 18. Rxd4 d5 19. Rdd1 dxc4 20. bxc4 Ng4 21. Bh3
h5 22. Rab1 Rb8 23. Bxg4 hxg4 24. Rxd8+ Rxd8 25. Ne4 Bxb2 26. Rxb2 Rd1+ 27. Kg2
f5 28. Ng5 Nc5 29. h3 Kg7 30. Rc2 b6 31. f3 Nd3 32. Re2 Ne1+ 33. Kf2 Nxf3 34.
Nxf3 gxf3 35. Kxf3 Kf6 36. e4 Rc1 37. e5+ Ke6 38. Kf4 Rxc4+ 39. Kg5 Rc3 40. Rg2
Kxe5 41. Kxg6 f4 42. gxf4+ Kxf4 43. h4 Rh3 44. h5 c5 45. Rc2 Ke4 46. Re2+ Kd5
47. Re7 a5 48. Rf7 a4 49. h6 Rxh6+ 50. Kxh6 b5 51. Kg5 b4 52. Kf4 Kd4 53. Rd7+
Kc3 54. Ke3 c4 55. Ke2 b3 56. axb3 cxb3 57. Rd3+ Kc2 58. Rd2+ Kb1 59. Kd3 a3 60.
Kc3 b2 61. Kb3 Kc1 62. Rc2+ Kd1 63. Rxb2 1/2-1/2

[Event "81st ch-ESP Rapid 2016"]
[Site "Linares ESP"]
[Date "2016.08.14"]
[Round "3.31"]
[White "Sanz Losada, Victoriano"]
[Black "Hernandez Estevez, Yudania"]
[Result "1-0"]
[WhiteTitle "CM"]
[BlackTitle "WIM"]
[WhiteElo "2020"]
[BlackElo "2232"]
[WhiteFideId "2202808"]
[BlackFideId "2219344"]
[EventDate "2016.08.14"]

1. d4 d5 2. c4 c6 3. e3 Nf6 4. Nf3 Bg4 5. Nc3 e6 6. h3 Bh5 7. g4 Bg6 8. Ne5 Nbd7
9. Nxg6 hxg6 10. cxd5 exd5 11. Bg2 Bd6 12. Qb3 Qb6 13. Qxb6 Nxb6 14. b3 Bb4 15.
Bd2 Bxc3 16. Bxc3 Ne4 17. Bb4 a5 18. Ba3 a4 19. f3 Nf6 20. Kd2 Kd7 21. e4 Ne8
22. e5 g5 23. Rhf1 Nc7 24. f4 axb3 25. axb3 gxf4 26. Rxf4 Ke8 27. Rff1 Ne6 28.
Bb2 Rxa1 29. Rxa1 Kd7 30. Ke3 g5 31. Ra7 Kc8 32. Ba3 Nf4 33. Bf1 Nxh3 34. Bc5
Kc7 35. Bd6+ Kd7 36. Rxb7+ Ke8 1-0

[Event "81st ch-ESP Rapid 2016"]
[Site "Linares ESP"]
[Date "2016.08.14"]
[Round "3.32"]
[White "Perdomo Araujo, Angel Eduardo"]
[Black "Silva Rodriguez, Fernando"]
[Result "0-1"]
[WhiteElo "2054"]
[BlackElo "2255"]
[WhiteFideId "3902528"]
[BlackFideId "2215268"]
[EventDate "2016.08.14"]

1. b4 e5 2. Bb2 Bxb4 3. Bxe5 Nf6 4. Nf3 d5 5. e3 O-O 6. Be2 c5 7. O-O Nc6 8. Bb2
Ba5 9. d3 Bc7 10. Nbd2 Re8 11. c4 d4 12. exd4 cxd4 13. h3 Qd6 14. Re1 Bf5 15.
Nf1 Bg6 16. Qd2 Nh5 17. a4 Ba5 18. Qc2 Bxe1 19. Nxe1 Nf4 20. Bf3 Qf6 21. Qd2 Ne5
22. Bxd4 Rad8 23. Bxe5 Qxe5 24. Rb1 b6 25. Bc6 Re6 26. Nf3 Qf6 27. Bb7 Re7 28.
Bd5 Bxd3 29. Re1 Bxc4 30. Bxf7+ Rxf7 0-1

[Event "81st ch-ESP Rapid 2016"]
[Site "Linares ESP"]
[Date "2016.08.14"]
[Round "4.1"]
[White "Alonso Rosell, Alvar"]
[Black "Salgado Lopez, Ivan"]
[Result "1/2-1/2"]
[WhiteTitle "GM"]
[BlackTitle "GM"]
[WhiteElo "2524"]
[BlackElo "2651"]
[WhiteFideId "2270544"]
[BlackFideId "2257327"]
[EventDate "2016.08.14"]

1. d4 Nf6 2. c4 e6 3. g3 d5 4. Nf3 Bb4+ 5. Bd2 Be7 6. Bg2 c6 7. Qc2 Nbd7 8. O-O
b6 9. Bf4 Bb7 10. cxd5 Nxd5 11. Nc3 Nxf4 12. gxf4 O-O 13. Rfd1 Rc8 14. f5 Bd6
15. e4 Bb8 16. e5 Kh8 17. h4 h6 18. h5 Qe7 19. Qe4 exf5 20. Qxf5 c5 21. dxc5
Nxc5 22. Nd5 Qe6 23. Qxe6 Nxe6 24. Ne1 Bxe5 25. Nxb6 axb6 26. Bxb7 Rc7 27. Bd5
Rfc8 28. Rab1 Bf6 29. b3 Nf4 30. Bf3 Rc5 31. Rd7 Kg8 32. Rbd1 Nxh5 33. Bd5 Rf8
34. Nd3 Rc2 35. Bf3 g6 36. Nb4 Rc5 37. Nd5 Bg7 38. Bxh5 gxh5 39. Nxb6 h4 40. Rd8
Rxd8 41. Rxd8+ Kh7 42. Nc4 Rg5+ 43. Kh2 Bc3 44. Rd3 Be1 45. Rf3 Kg6 46. Ne3 Ba5
47. Ng2 Bc7+ 48. Kh3 f5 49. Rc3 Bd8 50. Rc6+ Kh7 51. Rd6 Rg8 52. Rd7+ Kg6 53. a4
Kf6 54. b4 Ke6 55. Rd3 Be7 56. b5 Ra8 57. Nf4+ Kf7 58. Rd4 Bc5 59. Rd5 Bxf2 60.
Rxf5+ Kg8 61. Nd5 Bg3 62. Nc3 Be1 63. Rc5 Bxc3 64. Rxc3 Rxa4 65. Rc7 Rb4 66. Rb7 1/2-1/2

[Event "81st ch-ESP Rapid 2016"]
[Site "Linares ESP"]
[Date "2016.08.14"]
[Round "4.2"]
[White "Vallejo Pons, Francisco"]
[Black "Matamoros Franco, Carlos S."]
[Result "1-0"]
[WhiteTitle "GM"]
[BlackTitle "GM"]
[WhiteElo "2713"]
[BlackElo "2488"]
[WhiteFideId "2205530"]
[BlackFideId "3600017"]
[EventDate "2016.08.14"]

1. e4 e6 2. d4 d5 3. Nc3 Nf6 4. e5 Nfd7 5. f4 c5 6. Nf3 Nc6 7. Be3 cxd4 8. Nxd4
Bc5 9. Qd2 O-O 10. O-O-O a6 11. Kb1 Nxd4 12. Bxd4 b5 13. h4 b4 14. Na4 Bxd4 15.
Qxd4 a5 16. h5 Ba6 17. Bxa6 Rxa6 18. Rc1 Rc6 19. c4 bxc3 20. Rxc3 Rxc3 21. Qxc3
f6 22. h6 fxe5 23. hxg7 Rf6 24. Qh3 h6 25. g4 Kxg7 26. g5 Rg6 27. gxh6+ Kh7 28.
f5 exf5 29. Qxf5 Qe7 30. Rg1 Nf8 31. Rf1 Kxh6 32. Qxf8+ Qxf8 33. Rxf8 Rg1+ 34.
Kc2 Rg2+ 35. Kd1 Rg4 36. Nc5 Rd4+ 37. Ke2 Rc4 38. Nd7 Rc2+ 39. Kd3 Rxb2 40. Nxe5
Rxa2 41. Rg8 a4 42. Kc3 Kh7 43. Ra8 a3 44. Kb3 Re2 45. Nd3 a2 46. Nb2 Kg6 47.
Rxa2 Kf5 48. Ra8 Re3+ 49. Kb4 Re2 50. Nd3 Rc2 51. Re8 Kf6 52. Nc5 Rc4+ 53. Kb5
Rc2 54. Kc6 d4 55. Kd5 d3 56. Nxd3 Rd2 57. Re3 Rd1 58. Rf3+ Ke7 59. Ke5 Rd2 60.
Nf4 Kd7 61. Rc3 Rd1 62. Nd3 Rd2 63. Nc5+ Ke7 64. Ne4 Re2 65. Rc7+ Kd8 66. Rh7
Re1 67. Rg7 Ke8 68. Rh7 Kd8 69. Ra7 Ke8 70. Kd5 Kf8 71. Nd6 Re2 72. Nf5 Re1 73.
Ng7 Re7 74. Ne6+ Kf7 75. Ng5+ Kf8 76. Ra8+ Kg7 77. Ne6+ Kh7 78. Ke5 Rb7 79. Kf6
Rb6 80. Ra1 Kg8 81. Ra2 Rc6 82. Ra8+ Kh7 83. Ra3 Kg8 84. Re3 Rb6 85. Re2 Rc6 86.
Ra2 Rb6 87. Re2 Rc6 88. Rg2+ Kh7 89. Kf7 1-0

[Event "81st ch-ESP Rapid 2016"]
[Site "Linares ESP"]
[Date "2016.08.14"]
[Round "4.3"]
[White "Forcen Esteban, Daniel"]
[Black "Munoz, Miguel"]
[Result "0-1"]
[WhiteTitle "GM"]
[BlackTitle "GM"]
[WhiteElo "2561"]
[BlackElo "2451"]
[WhiteFideId "2288230"]
[BlackFideId "3800229"]
[EventDate "2016.08.14"]

1. d4 c5 2. d5 Nf6 3. c4 e6 4. Nc3 exd5 5. cxd5 d6 6. e4 a6 7. f4 Bg4 8. Qb3 b5
9. e5 dxe5 10. fxe5 c4 11. Bxc4 bxc4 12. Qb7 Nbd7 13. exf6 Rb8 14. Qxa6 gxf6 15.
Nge2 Nc5 16. Qa7 Rb7 17. Ng1 0-1

[Event "81st ch-ESP Rapid 2016"]
[Site "Linares ESP"]
[Date "2016.08.14"]
[Round "4.4"]
[White "Anton Guijarro, David"]
[Black "Huerga Leache, Mikel"]
[Result "1/2-1/2"]
[WhiteTitle "GM"]
[BlackTitle "IM"]
[WhiteElo "2627"]
[BlackElo "2455"]
[WhiteFideId "2285525"]
[BlackFideId "2268795"]
[EventDate "2016.08.14"]

1. Nf3 d5 2. b3 Bg4 3. e3 Nd7 4. Bb2 c6 5. h3 Bh5 6. d3 Ngf6 7. Be2 e6 8. Nbd2
a5 9. a3 Bg6 10. Nh4 Bd6 11. O-O O-O 12. Nxg6 hxg6 13. c4 Qe7 14. d4 c5 15. cxd5
exd5 16. dxc5 Nxc5 17. Nf3 Rfd8 18. b4 Nce4 19. b5 Rac8 20. a4 g5 21. Nd4 Qe5
22. f4 gxf4 23. exf4 Qe8 24. Nf5 Nc3 25. Bxc3 Rxc3 26. Nxd6 Rxd6 27. Qd4 Qc8 28.
Bf3 Rc4 29. Qd2 b6 30. Rfe1 Qc5+ 31. Kh2 Ne4 32. Qe3 Qxe3 33. Rxe3 Nc5 34. f5
Rxa4 35. Re8+ Kh7 36. Rd1 Rf4 37. Re5 Kh6 38. Kg3 Rb4 39. Rdxd5 Rd4 40. Re7 f6
41. h4 g6 42. fxg6 Kxg6 43. Re8 a4 44. Kf2 a3 45. Ra8 Rd3 46. g4 Rc3 47. Kg1 Nd3
48. Rf8 Kg7 49. Ra8 Nf2 50. Kxf2 Rxd5 51. Rf8 Rxb5 52. g5 Rxg5 53. Bg2 a2 54.
Ra8 Ra5 55. Rxa5 bxa5 1/2-1/2

[Event "81st ch-ESP Rapid 2016"]
[Site "Linares ESP"]
[Date "2016.08.14"]
[Round "4.5"]
[White "Suarez Garcia, Carlos"]
[Black "Arizmendi Martinez, Julen Luis"]
[Result "0-1"]
[WhiteTitle "FM"]
[BlackTitle "GM"]
[WhiteElo "2426"]
[BlackElo "2496"]
[WhiteFideId "22230858"]
[BlackFideId "2205092"]
[EventDate "2016.08.14"]

1. d4 e6 2. c4 Nf6 3. g3 d5 4. Bg2 Bb4+ 5. Nd2 O-O 6. Nf3 b6 7. O-O Bb7 8. Qc2
Nbd7 9. Rd1 Bd6 10. e4 Nxe4 11. Nxe4 dxe4 12. Ng5 Nf6 13. Nxe4 Bxe4 14. Bxe4
Nxe4 15. Qxe4 Qd7 16. c5 Bxc5 17. Bf4 Bd6 18. d5 e5 19. Bd2 f5 20. Qc4 a5 21. a3
Rae8 22. b4 axb4 23. Bxb4 e4 24. Qc6 Qe7 25. Bxd6 cxd6 26. Qxb6 f4 27. Re1 Qf6
28. gxf4 Qxf4 29. Qe3 Qe5 30. Rad1 Rf4 31. Rd4 Rg4+ 32. Kh1 Rh4 33. Qg3 Rxh2+
34. Qxh2 Qxd4 35. Qxd6 Qxf2 36. Qb4 h6 37. Rg1 Qh4+ 38. Kg2 Qg5+ 39. Kh2 Qh5+
40. Kg2 Qxd5 0-1

[Event "81st ch-ESP Rapid 2016"]
[Site "Linares ESP"]
[Date "2016.08.14"]
[Round "4.6"]
[White "Ibarra Jerez, Jose Carlos"]
[Black "Diaz Velandia, Jose Manuel"]
[Result "1/2-1/2"]
[WhiteTitle "GM"]
[BlackTitle "FM"]
[WhiteElo "2563"]
[BlackElo "2343"]
[WhiteFideId "2226332"]
[BlackFideId "3901939"]
[EventDate "2016.08.14"]

1. e4 c6 2. d4 d5 3. e5 c5 4. dxc5 Nc6 5. a3 e6 6. Nf3 Bxc5 7. b4 Bb6 8. Bb2
Nge7 9. Bd3 Ng6 10. O-O Nf4 11. c4 dxc4 12. Bxc4 Qxd1 13. Rxd1 O-O 14. Nc3 a6
15. Ne4 Rd8 16. Rxd8+ Bxd8 17. Rd1 Bc7 18. Nd6 Ng6 19. g3 h6 20. h4 Nge7 21. h5
b5 22. Bf1 Nd5 23. Rc1 Bd7 24. Nb7 Be8 25. Kg2 Nce7 26. Nc5 Bc6 27. Nb3 Bb7 28.
Be2 Bb6 29. Bd4 Bxd4 30. Nbxd4 Rc8 31. Rxc8+ Nxc8 32. Nb3 Nc3 33. Bd3 Na4 34. g4
Ncb6 35. Kg3 Nb2 36. Ne1 N6c4 37. Bxc4 Nxc4 38. Na5 Nxa5 39. bxa5 Be4 40. Kf4
Bb1 41. Nf3 Kf8 42. Nd4 Ba2 43. Nc6 Bd5 44. Nb8 Bb7 45. Nd7+ Ke7 46. Nc5 Bc8 47.
g5 hxg5+ 48. Kxg5 Kd8 49. h6 gxh6+ 50. Kxh6 Kc7 51. Nd3 Kc6 52. Kg7 Kd5 53. Kf6
Kc4 54. Nf4 Kb3 55. Kxf7 Kxa3 56. Nxe6 Bxe6+ 57. Kxe6 b4 58. Kd5 b3 59. e6 b2
60. e7 b1=Q 61. e8=Q Qf5+ 62. Qe5 Qxf2 63. Kc6 Qf1 64. Kb6 Kb4 65. Qd4+ Kb3 66.
Qd5+ Kb4 67. Qc5+ Ka4 68. Qd4+ Kb3 69. Qd5+ Kb4 70. Qd6+ Ka4 71. Qd4+ Kb3 72.
Qd5+ Kb4 73. Qc5+ Ka4 74. Qc2+ Kb4 75. Qb2+ Ka4 76. Qa2+ Kb4 77. Qd2+ Ka4 78.
Qd4+ Kb3 79. Qd5+ Kb4 80. Qe4+ Kb3 81. Qe5 Kb4 82. Qd4+ Kb3 83. Qd5+ Kb4 84.
Qd6+ Ka4 85. Qc6+ Kb4 86. Qe4+ Kb3 87. Qd5+ Kb4 88. Qd6+ Ka4 89. Qd7+ Kb4 90.
Qe7+ Ka4 91. Qh4+ Kb3 92. Qg3+ Kb4 93. Qg4+ Kb3 94. Qd7 Kb4 95. Qe7+ Ka4 96.
Qe4+ Kb3 97. Qe5 Kb4 98. Qb2+ Ka4 99. Qc2+ Kb4 100. Qd2+ Ka4 101. Qd4+ Kb3 102.
Ka7 Qb5 103. Qb6 Kb4 104. Qxa6 Qxa5 105. Qxa5+ Kxa5 1/2-1/2

[Event "81st ch-ESP Rapid 2016"]
[Site "Linares ESP"]
[Date "2016.08.14"]
[Round "4.7"]
[White "Rubio Tent, Francisco"]
[Black "Vazquez Igarza, Renier"]
[Result "0-1"]
[BlackTitle "GM"]
[WhiteElo "2199"]
[BlackElo "2589"]
[WhiteFideId "2238233"]
[BlackFideId "3503054"]
[EventDate "2016.08.14"]

1. e4 c5 2. Nf3 e6 3. d4 cxd4 4. Nxd4 Nc6 5. Nc3 Qc7 6. Be2 Nf6 7. O-O Be7 8.
Kh1 O-O 9. f4 d6 10. Bf3 Nxd4 11. Qxd4 e5 12. Qf2 Be6 13. Qg3 Kh8 14. Be3 a6 15.
Rad1 Rac8 16. Rd2 b5 17. a3 Bc4 18. Rfd1 Rfe8 19. Be2 Bxe2 20. Rxe2 Qc4 21. Qf3
b4 22. fxe5 bxc3 23. exf6 Bxf6 24. b3 Qxe4 25. Qf2 Re6 26. Rde1 Rce8 27. h3 h6
28. Bxh6 Qxe2 29. Rxe2 Rxe2 30. Bxg7+ Kxg7 31. Qg3+ Kh7 32. Qd3+ Kg8 33. h4 R8e3
34. Qd1 0-1

[Event "81st ch-ESP Rapid 2016"]
[Site "Linares ESP"]
[Date "2016.08.14"]
[Round "4.8"]
[White "Pazos Porta, Antonio"]
[Black "Del Rio De Angelis, Salvador G."]
[Result "0-1"]
[WhiteTitle "FM"]
[BlackTitle "GM"]
[WhiteElo "2338"]
[BlackElo "2522"]
[WhiteFideId "2263190"]
[BlackFideId "2203138"]
[EventDate "2016.08.14"]

1. e4 e6 2. d4 d5 3. Nc3 Bb4 4. e5 c5 5. Bd2 Ne7 6. Nb5 Bxd2+ 7. Qxd2 O-O 8. f4
Bd7 9. dxc5 Bxb5 10. Bxb5 a6 11. Bd3 Nd7 12. Nf3 Nxc5 13. O-O Rc8 14. Qf2 Nxd3
15. cxd3 Qa5 16. Nd4 Nc6 17. Nxc6 Rxc6 18. f5 Qb6 19. f6 Qxf2+ 20. Rxf2 gxf6 21.
exf6 h6 22. g4 Kh7 23. Kg2 Rfc8 24. h4 Kg6 25. Raf1 Rc2 26. Kg3 Rxf2 27. Rxf2
Rc1 28. Kf4 Kxf6 29. Ke3+ Ke7 30. Rf4 Rh1 31. Rb4 b5 32. a4 Rxh4 33. axb5 axb5
34. Rxb5 Rxg4 35. Rb7+ Kf6 36. b4 h5 37. Rb8 h4 38. b5 Rb4 39. Rh8 Rxb5 40. Rxh4
e5 41. Rh6+ Ke7 42. Ra6 f5 43. Rh6 Rb3 44. Kd2 e4 45. dxe4 fxe4 46. Kc2 Rf3 47.
Kd2 Rf6 0-1

[Event "81st ch-ESP Rapid 2016"]
[Site "Linares ESP"]
[Date "2016.08.14"]
[Round "4.9"]
[White "Aranda Marin, Cristian"]
[Black "Alvarado Diaz, Alejandro"]
[Result "1/2-1/2"]
[WhiteTitle "FM"]
[BlackTitle "IM"]
[WhiteElo "2350"]
[BlackElo "2441"]
[WhiteFideId "2205513"]
[BlackFideId "2276119"]
[EventDate "2016.08.14"]

1. d4 Nf6 2. Nc3 d5 3. Bg5 Nbd7 4. Qd3 e6 5. e4 dxe4 6. Nxe4 Be7 7. Nxf6+ Nxf6
8. Bxf6 Bxf6 9. O-O-O O-O 10. Nf3 c5 11. dxc5 Qa5 12. Qc4 e5 13. a3 Be6 14. Qb5
Qc7 15. Bd3 Be7 16. Rhe1 Bxc5 17. Ng5 Bg4 18. Bxh7+ Kh8 19. f3 Be7 20. h4 Bc8
21. Bd3 f6 22. Nh3 Be6 23. Be4 Rac8 24. Qxb7 Qc5 25. Qb4 Qc7 26. Qb7 Qc5 27. Qb4
Qc7 28. Qb7 1/2-1/2

[Event "81st ch-ESP Rapid 2016"]
[Site "Linares ESP"]
[Date "2016.08.14"]
[Round "4.10"]
[White "Matnadze, Ana"]
[Black "Vega Gutierrez, Sabrina"]
[Result "1-0"]
[WhiteTitle "IM"]
[BlackTitle "IM"]
[WhiteElo "2355"]
[BlackElo "2408"]
[WhiteFideId "13601377"]
[BlackFideId "2219026"]
[EventDate "2016.08.14"]

1. d4 d5 2. Nf3 c6 3. c4 e6 4. e3 Bd6 5. Nbd2 f5 6. b3 Nf6 7. Bb2 O-O 8. Be2 b6
9. Ne5 Nfd7 10. f4 Bb7 11. O-O c5 12. Bf3 Nxe5 13. dxe5 Be7 14. g4 Na6 15. gxf5
Rxf5 16. Bg4 Qf8 17. Qf3 Rd8 18. Rad1 Nc7 19. cxd5 exd5 20. Qh3 Bc8 21. Qg3 h5
22. Bh3 h4 23. Qg2 Qf7 24. Nf3 Rf8 25. Kh1 Bb7 26. e6 Nxe6 27. Ne5 Qh5 28. Ng6
R8f7 29. Ne5 R7f6 30. Rg1 Kh7 31. Bg4 Qh6 32. h3 Bd8 33. Kh2 Be7 34. Qc2 g6 35.
Bxf5 gxf5 36. Ng4 1-0

[Event "81st ch-ESP Rapid 2016"]
[Site "Linares ESP"]
[Date "2016.08.14"]
[Round "4.11"]
[White "Ljubojevic, Ljubomir"]
[Black "Navarrete Espi, Samuel"]
[Result "1-0"]
[WhiteTitle "GM"]
[BlackTitle "FM"]
[WhiteElo "2571"]
[BlackElo "2227"]
[WhiteFideId "900010"]
[BlackFideId "2237725"]
[EventDate "2016.08.14"]

1. d4 Nf6 2. c4 g6 3. g3 Bg7 4. Bg2 O-O 5. e4 d6 6. Nc3 c5 7. d5 a6 8. Nge2 b5
9. cxb5 axb5 10. Nxb5 Ba6 11. Nbc3 Nbd7 12. f4 c4 13. Be3 Qa5 14. Nd4 Nc5 15.
Nc6 Qc7 16. Bxc5 dxc5 17. e5 Nd7 18. Nxe7+ Kh8 19. d6 Qb8 20. Bxa8 Qxa8 21. O-O
Bb7 22. Qe2 Nb8 23. Rad1 Nc6 24. Nxc6 Bxc6 25. Qxc4 Rb8 26. Rd2 Qa7 27. d7 Rd8
28. Qxf7 c4+ 29. Rff2 Qe3 30. Kf1 Qb6 31. Rd6 Qb7 32. Qe7 Qc7 33. Rxc6 Qxc6 34.
Qxd8+ Bf8 35. Qxf8# 1-0

[Event "81st ch-ESP Rapid 2016"]
[Site "Linares ESP"]
[Date "2016.08.14"]
[Round "4.12"]
[White "Andres Gonzalez, Alberto"]
[Black "Vinuela Diaz, Saul"]
[Result "1-0"]
[WhiteTitle "IM"]
[WhiteElo "2512"]
[BlackElo "2170"]
[WhiteFideId "2212595"]
[BlackFideId "2239639"]
[EventDate "2016.08.14"]

1. c4 Nf6 2. Nf3 c6 3. d4 d5 4. Qc2 e6 5. Bf4 Bd6 6. Bg5 Nbd7 7. Nbd2 Qa5 8.
Bxf6 Nxf6 9. e3 Ne4 10. a3 Nxd2 11. Nxd2 dxc4 12. Bxc4 O-O 13. O-O e5 14. Ne4
Be7 15. Rad1 Bg4 16. f3 Bh5 17. dxe5 Qxe5 18. Rd7 b5 19. f4 Qf5 20. Rxe7 bxc4
21. Re5 Qg6 22. Qxc4 Rfe8 23. Rxe8+ Rxe8 24. Ng3 Bg4 25. f5 Qg5 26. Rf4 Rxe3 27.
Rxg4 Re1+ 28. Nf1 Qe3+ 29. Kh1 Qf2 30. Rf4 1-0

[Event "81st ch-ESP Rapid 2016"]
[Site "Linares ESP"]
[Date "2016.08.14"]
[Round "4.13"]
[White "Silva Rodriguez, Fernando"]
[Black "Asis Gargatagli, Hipolito"]
[Result "0-1"]
[BlackTitle "IM"]
[WhiteElo "2255"]
[BlackElo "2487"]
[WhiteFideId "2215268"]
[BlackFideId "2260735"]
[EventDate "2016.08.14"]

1. d4 Nf6 2. c4 e6 3. Nf3 c5 4. d5 d6 5. Nc3 exd5 6. cxd5 g6 7. Nd2 Nbd7 8. e4
Bg7 9. Be2 O-O 10. O-O Re8 11. a4 Ne5 12. Re1 g5 13. Nf1 h6 14. Qc2 Ng6 15. Ng3
a6 16. Nd1 Qe7 17. Bd2 Bd7 18. Bc3 b5 19. b3 bxa4 20. bxa4 Nh4 21. Ne3 Nxe4 22.
Bxg7 Kxg7 23. Bd3 f5 24. f3 Nxg3 25. hxg3 Qf6 26. Rab1 Qd4 27. Qb2 Ng6 28. Qxd4+
cxd4 29. Bxf5 Rxe3 30. Rxe3 dxe3 31. Bxd7 Ne5 32. Be6 Ra7 33. Rb3 Rc7 34. Rxe3
Rc4 35. Ra3 Rc1+ 36. Kh2 a5 37. g4 Rc4 38. Ra2 Ng6 39. Bd7 Nf4 40. Bc6 Rd4 41.
Rb2 Kf6 42. Rb8 Rd2 43. Rf8+ Ke7 44. Rh8 Rxg2+ 45. Kh1 Rg3 46. Rxh6 Rxf3 47.
Rh7+ Kf6 48. Ra7 Ke5 49. Rxa5 Ke4 50. Rb5 Rf1+ 51. Kh2 Kf3 52. Rb3+ Kxg4 53.
Bd7+ Kh4 54. Ra3 g4 55. Bxg4 Kxg4 56. a5 Rf2+ 57. Kg1 Rg2+ 58. Kf1 Kf5 59. a6
Rg8 60. Ra5 Ke5 61. Kf2 Nd3+ 62. Ke3 Nc5 63. a7 Ra8 64. Kd2 Nb3+ 0-1

[Event "81st ch-ESP Rapid 2016"]
[Site "Linares ESP"]
[Date "2016.08.14"]
[Round "4.14"]
[White "Sanchez Jimenez, Juan Carlos"]
[Black "Narciso Dublan, Marc"]
[Result "0-1"]
[WhiteTitle "FM"]
[BlackTitle "GM"]
[WhiteElo "2217"]
[BlackElo "2482"]
[WhiteFideId "2206331"]
[BlackFideId "2201500"]
[EventDate "2016.08.14"]

1. d4 f5 2. Nf3 e6 3. c4 Nf6 4. g3 d5 5. Bg2 Bd6 6. O-O O-O 7. Nc3 c6 8. Qc2 Qe7
9. Rb1 Nbd7 10. Bf4 Bxf4 11. gxf4 dxc4 12. e3 Nd5 13. Ne2 b5 14. Kh1 Ba6 15. b3
N5b6 16. Ne5 Nxe5 17. fxe5 Rac8 18. b4 Rc7 19. f4 Bc8 20. Rg1 Bd7 21. Nc3 Be8
22. a4 a6 23. a5 Nd5 24. Bxd5 cxd5 25. Rg5 h6 26. Rg3 Bh5 27. Qg2 Kh7 28. h3 Rg8
29. Kh2 g6 30. Qf2 Rg7 31. Rgg1 g5 32. h4 gxh4 33. Rxg7+ Kxg7 34. Rg1+ Bg4 35.
Rb1 Rc8 36. Rb2 Rg8 37. Qe1 Kh7 38. Na2 Bf3 39. Qd1 Rh8 0-1

[Event "81st ch-ESP Rapid 2016"]
[Site "Linares ESP"]
[Date "2016.08.14"]
[Round "4.16"]
[White "Almagro Llamas, Pablo"]
[Black "Garcia Molina, Francisco Miguel"]
[Result "1/2-1/2"]
[WhiteTitle "IM"]
[WhiteElo "2436"]
[BlackElo "2166"]
[WhiteFideId "2221799"]
[BlackFideId "2278219"]
[EventDate "2016.08.14"]

1. d4 Nf6 2. Nf3 b6 3. e3 Bb7 4. Bd3 e6 5. O-O Be7 6. c4 O-O 7. Nc3 d5 8. b3 c5
9. Bb2 Nc6 10. cxd5 Nxd5 11. dxc5 Bxc5 12. Ne4 Be7 13. a3 Rc8 14. Qe2 Qc7 15.
Rac1 Qb8 16. Nfg5 h6 17. Qh5 Ne5 18. Bb1 hxg5 19. Nxg5 Nf6 20. Bh7+ Kh8 21. Qh3
Neg4 22. Bg6+ Kg8 23. Bh7+ Kh8 24. Bg6+ Kg8 25. Bxf6 Nxf6 26. Bh7+ Kh8 27. Bg6+
Kg8 28. Bh7+ 1/2-1/2

[Event "81st ch-ESP Rapid 2016"]
[Site "Linares ESP"]
[Date "2016.08.14"]
[Round "4.17"]
[White "Perera Borrego, Mariela"]
[Black "Valles Moreno, Ivan"]
[Result "0-1"]
[WhiteTitle "WFM"]
[BlackTitle "IM"]
[WhiteElo "2157"]
[BlackElo "2447"]
[WhiteFideId "22238255"]
[BlackFideId "2205688"]
[EventDate "2016.08.14"]

1. d4 Nf6 2. c4 g6 3. Nc3 Bg7 4. e4 d6 5. Nf3 O-O 6. h3 Na6 7. Be3 c5 8. d5 e6
9. Be2 Re8 10. dxe6 Bxe6 11. Ng5 Qb6 12. Qd2 Bd7 13. O-O h6 14. Nf3 Nxe4 15.
Nxe4 Rxe4 16. Bd3 Ree8 17. Bxh6 Qxb2 18. Qxb2 Bxb2 19. Rab1 Bf6 20. Rxb7 Bc6 21.
Rbb1 Nb4 22. Rfd1 Ba4 23. Bf4 Bxd1 24. Rxd1 Rad8 25. Bb1 d5 26. a3 dxc4 27. Rxd8
Rxd8 28. axb4 cxb4 0-1